000 00479cam a2200169 a 4500
020 _a0192876058 (pbk.)
020 _a0192876066 (hard)
082 0 0 _a297.63
_aCOO
_bL31,P188
100 1 _aCook, Michael,
_937441
245 1 0 _aMuhammad /
_cMichael Cook.
260 _aOxford ;
_aNew York :
_bOxford University Press,
_c1983.
300 _a94 p. ;
_c18 cm.
500 _aIncludes index.
526 _a0
_b0
_c0
_d297_630000000000000_L31P188
650 _aMCE
_9379
942 _2ddc
_cBK
999 _c542306
_d542306